000 00766nam a2200241 a 4500
001
003 DO-SdBNP
005 20220208120908.0
008 100210s2001 dr r 000 0 spa d
020 _a9993483982
040 _aDO-SdBNP
_bspa
_cBPMSU
082 _aRD863.42
_bT655h 2001
_222
245 0 0 _aTomás Hernández Franco :
_bpáginas escogidas /
_ccompilador Julio Jaime Julia.
260 _aSanto Domingo :
_bBanco Popular,
_c2001.
300 _a122 p. ;
_c22 cm.
590 _aInventariado, 2022/VM
600 1 4 _aHernández Franco, Tomás
_d1904-1952
_x Crítica e interpretación
650 4 _aCuentos dominicanos
650 4 _aLiteratura dominicana.
700 1 _aJulia, Julio Jaime,
_ccompilador
_d1922-
910 _aVMateo V.
942 _2ddc
_cBK
999 _c14023
_d14023